000 00337nam a2200145Ia 4500
008 191201s2009 xx 000 0 und d
082 _a629.831
_bKUA
100 _aKUO, Benjamin C
245 0 _aAutomatic Control Systems
250 _aRep.
260 _aN.Delhi
_bPHI
_c2009
300 _a897
650 _aB.Tech(ECE)
942 _2ddc
_cBK
999 _c3813
_d3813